Normal view
MARC view
- Amir Ahmad Khan Muhammad Rizwan Tabish Muhammad Usman Butt
Entry Personal Name
001 - CONTROL NUMBER
- control field: 73008
003 - CONTROL NUMBER IDENTIFIER
- control field: NUST
005 - DATE AND TIME OF LATEST TRANSACTION
- control field: 20210628204943.0
008 - FIXED-LENGTH DATA ELEMENTS
- fixed length control field: 210628|| aca||aabn | a|a d
040 ## - CATALOGING SOURCE
- Original cataloging agency: NUST
- Transcribing agency: NUST
100 ## - HEADING--PERSONAL NAME
- Personal name: Amir Ahmad Khan Muhammad Rizwan Tabish Muhammad Usman Butt
670 ## - SOURCE DATA FOUND
- Source citation: Work cat.: (NUST): Amir Ahmad Khan Muhammad Rizwan Tabish Muhammad Usman Butt, PR-SOF-1894-Fast Charging of Lithium ion Batteries using Constant Voltage & Constant Temperature Method, 2020
